[Event "Korbach op-A"]
[Site "Korbach GER"]
[Date "2007.10.13"]
[Round "4.2"]
[White "Gutman, Lev"]
[Black "Porper, Edward"]
[Result "1-0"]
[WhiteElo "2424"]
[BlackElo "2474"]
[PlyCount "57"]
[EventDate "2007.10.11"]
[EventType "swiss"]
[EventRounds "7"]
[EventCountry "GER"]
[Source "ChessBase"]
[SourceDate "2008.11.26"]

1. Nf3 d5 2. g3 Bg4 3. Bg2 Nd7 4. d4 c6 5. O-O e6 6. c4 Ngf6 7. Nc3 Be7 8. Ne5
Bf5 9. Qb3 Qb6 10. Nxd7 Nxd7 11. e4 dxe4 12. Nxe4 Nf6 13. Nc5 Bxc5 14. dxc5
Qxb3 15. axb3 a6 16. Bf4 Be4 17. f3 Bg6 18. b4 Bd3 19. Rfc1 O-O-O 20. Rc3 Bg6
21. Bf1 Kd7 22. b5 axb5 23. Ra7 bxc4 24. Rxb7+ Ke8 25. Bd6 Nd5 26. Ra3 Bd3 27.
Bg2 h5 28. f4 Rh6 29. Raa7 1-0

[Event "Korbach op-A"]
[Site "Korbach GER"]
[Date "2007.10.13"]
[Round "5.7"]
[White "Porper, Edward"]
[Black "Huettemann, Ralf"]
[Result "1-0"]
[WhiteElo "2474"]
[BlackElo "2069"]
[PlyCount "59"]
[EventDate "2007.10.11"]
[EventType "swiss"]
[EventRounds "7"]
[EventCountry "GER"]
[Source "ChessBase"]
[SourceDate "2008.11.26"]

1. d4 d5 2. c4 Nc6 3. Nf3 e6 4. Bg5 Bb4+ 5. Nc3 Bxc3+ 6. bxc3 f6 7. Bf4 Nge7 8.
e3 g5 9. Bg3 h5 10. h4 g4 11. Nd2 f5 12. Rb1 b6 13. cxd5 exd5 14. c4 Be6 15.
Qc2 a6 16. Rc1 O-O 17. cxd5 Bxd5 18. Bc4 f4 19. Bxf4 Rxf4 20. exf4 Nxd4 21. Qe4
Bxc4 22. Nxc4 c5 23. O-O Ra7 24. Rfe1 b5 25. Ne3 c4 26. Qe5 Ng6 27. Qxh5 Nxh4
28. Nxg4 Nhf3+ 29. gxf3 Nxf3+ 30. Kg2 1-0

[Event "Korbach op-A"]
[Site "Korbach GER"]
[Date "2007.10.14"]
[Round "6.3"]
[White "Stahnke, Thorsten"]
[Black "Porper, Edward"]
[Result "0-1"]
[WhiteElo "2124"]
[BlackElo "2474"]
[PlyCount "70"]
[EventDate "2007.10.11"]
[EventType "swiss"]
[EventRounds "7"]
[EventCountry "GER"]
[Source "ChessBase"]
[SourceDate "2008.11.26"]

1. c4 c6 2. Nc3 d5 3. cxd5 cxd5 4. d4 Nf6 5. Bf4 Nc6 6. e3 a6 7. Bd3 e6 8. h3
Qb6 9. Qc1 Bd7 10. Nge2 Rc8 11. O-O Na5 12. b3 Be7 13. Rb1 O-O 14. Qb2 Qb4 15.
Rfc1 Qa3 16. Nd1 Nc6 17. Rc3 Qxb2 18. Nxb2 Bb4 19. Rc2 Ba3 20. Na4 Nb4 21. Rxc8
Rxc8 22. Bd6 Nxd3 23. Bxa3 Rc2 24. Nac3 Ne4 25. Nxe4 dxe4 26. Ng3 Rxa2 27. Bd6
f5 28. f3 exf3 29. gxf3 Bc6 30. e4 Nf2 31. d5 Nxh3+ 32. Kf1 Bb5+ 33. Ke1 f4 34.
Nh5 e5 35. Rc1 Re2+ 0-1

[Event "Korbach op-A"]
[Site "Korbach GER"]
[Date "2007.10.14"]
[Round "7.1"]
[White "Porper, Edward"]
[Black "Ivanov, Mikhail M"]
[Result "0-1"]
[WhiteElo "2474"]
[BlackElo "2455"]
[PlyCount "100"]
[EventDate "2007.10.11"]
[EventType "swiss"]
[EventRounds "7"]
[EventCountry "GER"]
[Source "ChessBase"]
[SourceDate "2008.11.26"]

1. d4 d6 2. c4 e5 3. Nf3 Nd7 4. Nc3 g6 5. e4 Bg7 6. Bg5 Ngf6 7. Be2 h6 8. Bh4
g5 9. Bg3 Nh5 10. dxe5 Nxg3 11. hxg3 dxe5 12. b4 a5 13. a3 axb4 14. axb4 Rxa1
15. Qxa1 Nf8 16. Nd5 Ne6 17. Qa5 c6 18. Qxd8+ Kxd8 19. Nb6 Kc7 20. c5 Nd4 21.
Nxd4 exd4 22. Bd3 h5 23. Ke2 Bg4+ 24. f3 Be6 25. f4 Bg4+ 26. Kf2 h4 27. gxh4
gxf4 28. Be2 f5 29. Bxg4 fxg4 30. Ke2 d3+ 31. Kxd3 Rd8+ 32. Kc2 Bd4 33. Nc4 f3
34. g3 Bf2 35. Ne5 Rg8 36. Nf7 Bxg3 37. Nh6 Rg6 38. Nf5 Be5 39. h5 Rg8 40. h6
g3 41. h7 Rh8 42. Nxg3 Bxg3 43. Kd3 Bf4 44. Rh3 Rd8+ 45. Kc2 f2 46. Rf3 Bg3 47.
Rf7+ Kc8 48. e5 Rh8 49. e6 Rxh7 50. e7 Kd7 0-1

[Event "Muensterland op"]
[Site "Senden GER"]
[Date "2007.09.29"]
[Round "1"]
[White "Hemmers, Johann Gerhard"]
[Black "Porper, Edward"]
[Result "0-1"]
[WhiteElo "1996"]
[BlackElo "2474"]
[PlyCount "62"]
[EventDate "2007.09.29"]
[EventType "swiss"]
[EventRounds "9"]
[EventCountry "GER"]
[Source "ChessBase"]
[SourceDate "2007.11.25"]

1. d4 d5 2. Nf3 c6 3. e3 Nf6 4. c4 Bf5 5. Qb3 Qb6 6. c5 Qc7 7. Nc3 Nbd7 8. Be2
e5 9. Qd1 e4 10. Nd2 b6 11. b4 Be7 12. a4 O-O 13. O-O Rfb8 14. Ba3 bxc5 15.
bxc5 Nf8 16. Qc2 Ng4 17. g3 Bg5 18. Nd1 Qd7 19. Re1 Qe6 20. Nf1 h5 21. Qc3 Nh7
22. Ra2 Bd8 23. Nd2 Ng5 24. Bf1 Bc7 25. Bg2 h4 26. Nf1 Nf3+ 27. Bxf3 exf3 28.
e4 dxe4 29. Rd2 Rb3 30. d5 Rxc3 31. dxe6 Rxa3 0-1

[Event "Muensterland op"]
[Site "Senden GER"]
[Date "2007.09.29"]
[Round "2"]
[White "Porper, Edward"]
[Black "Mueller, Martin"]
[Result "1-0"]
[WhiteElo "2474"]
[BlackElo "2102"]
[PlyCount "55"]
[EventDate "2007.09.29"]
[EventType "swiss"]
[EventRounds "9"]
[EventCountry "GER"]
[Source "ChessBase"]
[SourceDate "2007.11.25"]

1. d4 f5 2. Nc3 Nf6 3. Bg5 d5 4. Bxf6 exf6 5. e3 Be6 6. Bb5+ Nc6 7. Bxc6+ bxc6
8. Na4 Qb8 9. Ne2 c5 10. dxc5 Bxc5 11. Nf4 Bf7 12. Nxc5 Qb4+ 13. c3 Qxc5 14.
Qd3 Rb8 15. Qxf5 Rxb2 16. O-O Qd6 17. c4 dxc4 18. Rad1 Rd2 19. Qe4+ Kd7 20.
Rxd2 Qxd2 21. Qb1 Qa5 22. Rd1+ Ke7 23. Ne2 Rd8 24. Nd4 Qd5 25. e4 Qa8 26. Qb4+
Ke8 27. Rd2 Qb8 28. Nc6 1-0

[Event "Muensterland op"]
[Site "Senden GER"]
[Date "2007.09.30"]
[Round "3"]
[White "Beutelhoff, Josef"]
[Black "Porper, Edward"]
[Result "1/2-1/2"]
[WhiteElo "2141"]
[BlackElo "2474"]
[PlyCount "55"]
[EventDate "2007.09.29"]
[EventType "swiss"]
[EventRounds "9"]
[EventCountry "GER"]
[Source "ChessBase"]
[SourceDate "2007.11.25"]

1. d4 d5 2. c4 c6 3. e3 Nf6 4. Nc3 e6 5. Qc2 Bd6 6. Nf3 Nbd7 7. e4 Nxe4 8. Nxe4
dxe4 9. Qxe4 Bb4+ 10. Bd2 Bxd2+ 11. Nxd2 O-O 12. Bd3 Nf6 13. Qe5 Ng4 14. Qh5 f5
15. Nb3 e5 16. Be2 g6 17. Qh3 exd4 18. O-O Ne5 19. f4 Nf7 20. Qd3 Qe7 21. Rae1
Rd8 22. Bf3 Qd6 23. Rf2 Kf8 24. c5 Qxf4 25. Bxc6 Qc7 26. Bb5 Bd7 27. Nxd4 Re8
28. Rfe2 1/2-1/2

[Event "Muensterland op"]
[Site "Senden GER"]
[Date "2007.10.01"]
[Round "4"]
[White "Porper, Edward"]
[Black "Hofene, Dieter"]
[Result "1-0"]
[WhiteElo "2474"]
[BlackElo "2122"]
[PlyCount "81"]
[EventDate "2007.09.29"]
[EventType "swiss"]
[EventRounds "9"]
[EventCountry "GER"]
[Source "ChessBase"]
[SourceDate "2007.11.25"]

1. d4 d5 2. c4 dxc4 3. Nf3 Nd7 4. e4 Nb6 5. Ne5 g6 6. Na3 Bg7 7. Naxc4 c6 8.
Be3 Be6 9. Be2 Nf6 10. f3 O-O 11. O-O Ne8 12. Qc2 Nxc4 13. Bxc4 Bxc4 14. Qxc4
Nd6 15. Qc2 Qa5 16. Nd7 Rfd8 17. Nc5 b6 18. Nb3 Qb5 19. a4 Qh5 20. Rac1 Rac8
21. Qf2 Bh6 22. Rc3 Bxe3 23. Qxe3 e5 24. g4 Qh4 25. dxe5 Nb7 26. Qf4 c5 27. Qf6
Qxf6 28. exf6 g5 29. Re1 Rd7 30. Re2 Rcd8 31. e5 Re8 32. Rce3 Nd8 33. Rd2 Rxd2
34. Nxd2 Nc6 35. Nc4 Nd4 36. Kf2 h6 37. Nd6 Rd8 38. Re4 Nc6 39. Nf5 Rd2+ 40.
Ke3 Rd1 41. Ne7+ 1-0

[Event "Muensterland op"]
[Site "Senden GER"]
[Date "2007.10.02"]
[Round "5"]
[White "Kuhn, Ulf"]
[Black "Porper, Edward"]
[Result "0-1"]
[WhiteElo "2130"]
[BlackElo "2474"]
[PlyCount "58"]
[EventDate "2007.09.29"]
[EventType "swiss"]
[EventRounds "9"]
[EventCountry "GER"]
[Source "ChessBase"]
[SourceDate "2007.11.25"]

1. c4 c6 2. Nf3 d5 3. e3 Nf6 4. Qc2 e6 5. b3 Bd6 6. Bb2 Nbd7 7. g4 h6 8. h3 e5
9. Nc3 a6 10. d4 e4 11. Nd2 Nf8 12. O-O-O Qe7 13. f3 exf3 14. e4 dxe4 15. Ncxe4
Nxe4 16. Nxe4 Bf4+ 17. Kb1 Ng6 18. Bd3 O-O 19. Rhf1 Nh4 20. Qc3 f5 21. Nf2 Ng2
22. gxf5 Bxf5 23. Bxf5 Rxf5 24. Ng4 h5 25. Qxf3 Nh4 26. Qf2 hxg4 27. hxg4 Rff8
28. Rh1 Bg5 29. Qc2 Rae8 0-1

[Event "Muensterland op"]
[Site "Senden GER"]
[Date "2007.10.03"]
[Round "6"]
[White "Porper, Edward"]
[Black "Korneev, Oleg"]
[Result "1/2-1/2"]
[WhiteElo "2474"]
[BlackElo "2565"]
[PlyCount "64"]
[EventDate "2007.09.29"]
[EventType "swiss"]
[EventRounds "9"]
[EventCountry "GER"]
[Source "ChessBase"]
[SourceDate "2007.11.25"]

1. d4 d5 2. c4 c6 3. Nf3 Nf6 4. Nc3 e6 5. Bg5 h6 6. Bh4 dxc4 7. e4 g5 8. Bg3 b5
9. Be2 Bb7 10. O-O Nbd7 11. Ne5 h5 12. Nxd7 Qxd7 13. Be5 Rh6 14. Qc1 Rg6 15.
Qe3 Ng4 16. Bxg4 hxg4 17. Rad1 f6 18. Bg3 Kf7 19. f3 gxf3 20. Rxf3 Kg8 21. Qf2
Bg7 22. h4 Rd8 23. hxg5 fxg5 24. Be5 g4 25. Re3 c5 26. Bxg7 Qxg7 27. dxc5 Rxd1+
28. Nxd1 g3 29. Qf4 e5 30. Qh4 Qd7 31. Qh5 Rg7 32. Nc3 Qd4 1/2-1/2

[Event "Muensterland op"]
[Site "Senden GER"]
[Date "2007.10.04"]
[Round "7"]
[White "Thesing, Matthias"]
[Black "Porper, Edward"]
[Result "1/2-1/2"]
[WhiteElo "2393"]
[BlackElo "2474"]
[PlyCount "95"]
[EventDate "2007.09.29"]
[EventType "swiss"]
[EventRounds "9"]
[EventCountry "GER"]
[Source "ChessBase"]
[SourceDate "2007.11.25"]

1. e4 d6 2. d4 Nf6 3. Nc3 e5 4. Nf3 Nbd7 5. Bc4 Be7 6. O-O O-O 7. a4 c6 8. Re1
Qc7 9. Ba2 b6 10. Nh4 exd4 11. Nf5 dxc3 12. Nxe7+ Kh8 13. Nf5 Ne5 14. Qxd6 Qxd6
15. Nxd6 Be6 16. f4 Ned7 17. e5 Ne8 18. Nxf7+ Bxf7 19. e6 Bxe6 20. Bxe6 Nc5 21.
bxc3 Nc7 22. Bg4 Nd5 23. a5 Nxc3 24. Bf3 Nd5 25. Ba3 Nxf4 26. Bxc6 Rac8 27.
Bxc5 bxc5 28. Bb7 Rcd8 29. g3 Nh3+ 30. Kg2 Nf2 31. Re2 Nd1 32. Ra3 c4 33. Rf3
Kg8 34. Ba6 Rd4 35. Rxf8+ Kxf8 36. Kf3 c3 37. Bd3 Nb2 38. Ke3 Rd5 39. Rf2+ Ke7
40. Rf5 Nc4+ 41. Ke2 Ne5 42. a6 g6 43. Rf1 Nxd3 44. cxd3 Ra5 45. Rc1 Ra3 46. d4
Kd6 47. Kd3 Rxa6 48. Rxc3 1/2-1/2

[Event "Muensterland op"]
[Site "Senden GER"]
[Date "2007.10.05"]
[Round "8"]
[White "Porper, Edward"]
[Black "Langers, Alexander"]
[Result "1-0"]
[WhiteElo "2474"]
[BlackElo "2160"]
[PlyCount "73"]
[EventDate "2007.09.29"]
[EventType "swiss"]
[EventRounds "9"]
[EventCountry "GER"]
[Source "ChessBase"]
[SourceDate "2007.11.25"]

1. d4 Nf6 2. c4 g6 3. Nc3 Bg7 4. e4 d6 5. Be2 O-O 6. Nf3 e5 7. d5 a5 8. Bg5 h6
9. Bh4 Na6 10. Nd2 Qe8 11. a3 Bd7 12. b3 Nh7 13. O-O f5 14. f3 Bf6 15. Bf2 Qd8
16. b4 f4 17. c5 Bh4 18. c6 Bxf2+ 19. Rxf2 bxc6 20. dxc6 Be6 21. b5 Nc5 22. Nc4
Kh8 23. b6 cxb6 24. Qxd6 Qxd6 25. Nxd6 Nb3 26. Rb1 Nd4 27. c7 Ra7 28. Ncb5 Nxb5
29. Nxb5 Rb7 30. Rc1 Rc8 31. Rff1 Nf8 32. Rfd1 Kg8 33. Rd8 Rbxc7 34. Rxf8+ Kxf8
35. Rxc7 Rxc7 36. Nxc7 Bf7 37. Na8 1-0

[Event "Arctic Chess Challenge"]
[Site "Tromso NOR"]
[Date "2007.08.04"]
[Round "1"]
[White "Jorgensen, L."]
[Black "Porper, Edward"]
[Result "0-1"]
[WhiteElo "1851"]
[BlackElo "2474"]
[PlyCount "36"]
[EventDate "2007.08.04"]
[EventType "swiss"]
[EventRounds "9"]
[EventCountry "NOR"]
[Source "Mark Crowther"]
[SourceDate "2007.08.06"]

1. e4 e6 2. d4 d5 3. e5 c5 4. c3 Qb6 5. Nf3 Nc6 6. a3 Nh6 7. b4 cxd4 8. cxd4
Nf5 9. Bb2 Bd7 10. Be2 Be7 11. O-O h5 12. Nbd2 Ncxd4 13. Nxd4 Nxd4 14. Bxh5 Nf5
15. Nb3 Ba4 16. Bf3 a5 17. Bd4 Qd8 18. Qd3 Bxb3 0-1

[Event "Arctic Chess Challenge"]
[Site "Tromso NOR"]
[Date "2007.08.05"]
[Round "2"]
[White "Porper, Edward"]
[Black "Kvisla, Johannes"]
[Result "1-0"]
[WhiteElo "2474"]
[BlackElo "2122"]
[PlyCount "95"]
[EventDate "2007.08.04"]
[EventType "swiss"]
[EventRounds "9"]
[EventCountry "NOR"]
[Source "Mark Crowther"]
[SourceDate "2007.08.06"]

1. d4 d5 2. c4 c6 3. Nf3 Nf6 4. Nc3 e6 5. Bg5 dxc4 6. e4 b5 7. e5 h6 8. Bh4 g5
9. Nxg5 hxg5 10. Bxg5 Nbd7 11. exf6 Bb7 12. g3 c5 13. d5 Bh6 14. Bxh6 Rxh6 15.
Bg2 Qxf6 16. O-O O-O-O 17. Ne4 Qe5 18. Re1 Bxd5 19. Nc3 Qh5 20. Nxd5 exd5 21.
Qxd5 Qxd5 22. Bxd5 Nb6 23. Bxf7 Rd2 24. Rad1 Rxb2 25. Re7 Rh8 26. g4 c3 27. g5
c2 28. Rc1 Rd8 29. Ree1 Nd5 30. g6 Nf6 31. Kg2 c4 32. a4 Nh5 33. Kf3 Rd4 34.
axb5 Kc7 35. h3 Rb3+ 36. Re3 Rxb5 37. Rxc2 Rf5+ 38. Kg2 Rg5+ 39. Kh2 Kd6 40.
Rec3 Rf5 41. Rxc4 Rxc4 42. Bxc4 Rc5 43. Rd2+ Ke5 44. Be2 Ng7 45. Rd7 Kf6 46.
Bd3 Nf5 47. Bxf5 Rxf5 48. g7 1-0

[Event "Arctic Chess Challenge"]
[Site "Tromso NOR"]
[Date "2007.08.04"]
[Round "5"]
[White "Thomassen, Joachim"]
[Black "Porper, Edward"]
[Result "1-0"]
[WhiteElo "2075"]
[BlackElo "2474"]
[PlyCount "109"]
[EventDate "2007.08.04"]
[EventType "swiss"]
[EventRounds "9"]
[EventCountry "NOR"]
[Source "ChessBase"]
[SourceDate "2007.09.04"]

1. d4 Nf6 2. c4 c6 3. Nc3 d5 4. Nf3 e6 5. Bg5 Nbd7 6. e3 Be7 7. Rc1 O-O 8. Bd3
b6 9. O-O Bb7 10. Qe2 c5 11. Rfd1 Ne4 12. Bxe7 Qxe7 13. cxd5 Nxc3 14. Rxc3 exd5
15. dxc5 bxc5 16. Rdc1 Rac8 17. Bf5 Rfd8 18. Qc2 g6 19. Qb3 Ba8 20. Bxd7 Rxd7
21. Qa3 Rdc7 22. Nd4 cxd4 23. Qxe7 dxc3 24. Rxc3 Rxe7 25. Rxc8+ Kg7 26. Rxa8
Rc7 27. Kf1 h5 28. h4 Kf6 29. Ke2 Kf5 30. Kf3 Rd7 31. Rc8 Ke5 32. Rc6 Rb7 33.
b3 Kf5 34. Ke2 Kg4 35. g3 Kf5 36. Kd3 Ke5 37. Ra6 f6 38. Rc6 Rh7 39. Rc5 Ke6
40. Kd4 Rd7 41. b4 g5 42. b5 gxh4 43. gxh4 Rg7 44. Rc6+ Kf5 45. Kxd5 Rg2 46.
Rc4 Rxf2 47. Rf4+ Rxf4 48. exf4 Kg4 49. Ke4 f5+ 50. Ke3 Kxh4 51. Kf3 Kh3 52. a4
h4 53. a5 Kh2 54. b6 axb6 55. a6 1-0

[Event "Arctic Chess Challenge"]
[Site "Tromso NOR"]
[Date "2007.08.12"]
[Round "9"]
[White "Westerinen, Heikki"]
[Black "Porper, Edward"]
[Result "1/2-1/2"]
[WhiteElo "2385"]
[BlackElo "2474"]
[PlyCount "87"]
[EventDate "2007.08.04"]
[EventType "swiss"]
[EventRounds "9"]
[EventCountry "NOR"]
[Source "ChessBase"]
[SourceDate "2007.09.04"]

1. e4 e6 2. d3 c5 3. g3 Nc6 4. Bg2 g6 5. Ne2 Bg7 6. c3 d6 7. O-O Nge7 8. Be3
O-O 9. d4 b6 10. f4 f5 11. exf5 exf5 12. Na3 Ba6 13. Nb5 Bxb5 14. Qb3+ c4 15.
Qxb5 d5 16. Rfe1 a6 17. Qa4 Qd6 18. Kh1 b5 19. Qc2 Kh8 20. Ng1 Ng8 21. Nf3 Nf6
22. Ne5 Ne4 23. Bf3 Ne7 24. a3 Qe6 25. Rg1 g5 26. fxg5 Bxe5 27. dxe5 Nc6 28.
Rad1 Nxe5 29. Bd4 Kg8 30. Bg2 Nd3 31. Rxd3 cxd3 32. Qxd3 Nxg5 33. Rf1 Ne4 34.
Qe3 Rae8 35. Qf4 Rf7 36. Bf3 Qg6 37. Qh4 Ree7 38. Bh5 Qg5 39. Bxf7+ Rxf7 40.
Qxg5+ Nxg5 41. Be3 Ne4 42. Rd1 Rd7 43. Rf1 Rf7 44. Rd1 1/2-1/2

[Event "Lichtenstein mem"]
[Site "Elkana ISR"]
[Date "2007.07.15"]
[Round "1"]
[White "Porper, Edward"]
[Black "Sitnikov, Anton"]
[Result "1-0"]
[WhiteElo "2474"]
[BlackElo "2458"]
[PlyCount "111"]
[EventDate "2007.07.15"]
[EventType "tourn"]
[EventRounds "9"]
[EventCountry "ISR"]
[EventCategory "8"]
[Source "Mark Crowther"]
[SourceDate "2007.07.30"]

1. d4 e6 2. c4 c5 3. d5 exd5 4. cxd5 d6 5. Nc3 g6 6. e4 Bg7 7. Bd3 a6 8. Bf4 b5
9. Nf3 Bg4 10. O-O Qf6 11. Bg3 c4 12. Be2 Bxf3 13. Bxf3 Nd7 14. e5 Nxe5 15.
Bxe5 dxe5 16. d6 Rd8 17. Bc6+ Kf8 18. Ne4 Qe6 19. Qd2 Qc8 20. Qa5 Bf6 21. Qb6
Kg7 22. Rad1 Nh6 23. d7 Qb8 24. Qxa6 Be7 25. Qxb5 Nf5 26. Qxc4 Qxb2 27. Qd5 Bf6
28. a4 Qb6 29. Nxf6 Kxf6 30. Rfe1 Qc7 31. g4 Ne7 32. Qd6+ Qxd6 33. Rxd6+ Kg7
34. Bb7 Rb8 35. Rxe5 Rxb7 36. Rxe7 Rd8 37. a5 Kf8 38. Re4 Rbxd7 39. Rxd7 Rxd7
40. Ra4 Ke7 41. a6 Ra7 42. Kg2 Ke6 43. Kf3 Kd5 44. Kf4 f6 45. h4 Kc5 46. g5
fxg5+ 47. Kxg5 Kd5 48. Kf6 Kd6 49. Ra5 Kc6 50. Ke6 Kb6 51. Ra2 Kc5 52. f4 Ra8
53. a7 Kd4 54. Ra4+ Ke3 55. Kf6 Kf3 56. Kg7 1-0

[Event "Lichtenstein mem"]
[Site "Elkana ISR"]
[Date "2007.07.17"]
[Round "3"]
[White "Porper, Edward"]
[Black "Lerner, Konstantin"]
[Result "1/2-1/2"]
[WhiteElo "2474"]
[BlackElo "2515"]
[PlyCount "121"]
[EventDate "2007.07.15"]
[EventType "tourn"]
[EventRounds "9"]
[EventCountry "ISR"]
[EventCategory "8"]
[Source "Mark Crowther"]
[SourceDate "2007.07.30"]

1. d4 Nf6 2. c4 e6 3. Nc3 Bb4 4. a3 Bxc3+ 5. bxc3 c5 6. e3 Nc6 7. Bd3 O-O 8.
Ne2 b6 9. e4 Ne8 10. O-O Ba6 11. f4 f5 12. exf5 exf5 13. dxc5 bxc5 14. Be3 d6
15. Ng3 g6 16. Re1 Qd7 17. Qa4 Nb8 18. Qd1 Nf6 19. h3 Nc6 20. Qa4 Nb8 21. Qd1
Nc6 22. Qa4 Bb7 23. Bf2 Rae8 24. Rad1 Rxe1+ 25. Rxe1 Ne5 26. Qxd7 Nexd7 27. Rd1
Nb6 28. Bc2 Ne8 29. Nf1 Be4 30. Bb3 Rf7 31. Nd2 Bc6 32. Bh4 Rb7 33. Re1 Kf7 34.
Bd8 Ng7 35. Bxb6 Rxb6 36. Kf2 Nh5 37. g3 Nf6 38. Ke3 Ne4 39. Nxe4 Bxe4 40. Bd1
Rb1 41. a4 Bc6 42. Kd2 Rb2+ 43. Kc1 Rg2 44. Re3 Be4 45. h4 a5 46. Bb3 Kf6 47.
Bd1 h6 48. Bb3 g5 49. hxg5+ hxg5 50. fxg5+ Kxg5 51. Bd1 Rf2 52. Be2 Bc6 53. Bd1
Kf6 54. Bc2 Rf1+ 55. Kb2 Rf3 56. Rxf3 Bxf3 57. Kc1 Be2 58. Bb3 Ke5 59. Kd2 Bf1
60. Ke3 Bg2 61. Bc2 1/2-1/2

[Event "Lichtenstein mem"]
[Site "Elkana ISR"]
[Date "2007.07.18"]
[Round "4"]
[White "Nedobora, Mikhail"]
[Black "Porper, Edward"]
[Result "1/2-1/2"]
[WhiteElo "2433"]
[BlackElo "2474"]
[PlyCount "91"]
[EventDate "2007.07.15"]
[EventType "tourn"]
[EventRounds "9"]
[EventCountry "ISR"]
[EventCategory "8"]
[Source "Mark Crowther"]
[SourceDate "2007.07.30"]

1. d4 d5 2. Nf3 c6 3. c4 Nf6 4. e3 Bg4 5. Qb3 Qb6 6. Ne5 Bf5 7. cxd5 Qxb3 8.
axb3 Nxd5 9. Nc3 e6 10. e4 Nxc3 11. exf5 Nd5 12. fxe6 fxe6 13. Bd3 Nd7 14. Nf3
Bb4+ 15. Ke2 O-O 16. Be3 h6 17. h4 a6 18. Rac1 Bd6 19. h5 e5 20. dxe5 Nxe5 21.
Nxe5 Bxe5 22. Rc2 Kh8 23. Be4 Nxe3 24. Kxe3 Rad8 25. Ke2 Rd4 26. Bg6 Rdf4 27.
Ke1 Bd4 28. f3 Be5 29. Be4 Rd8 30. Ke2 Kg8 31. g4 Rf6 32. Rd1 Bd4 33. Rd3 Rfd6
34. Rcd2 a5 35. Rc2 R8d7 36. Bf5 Re7+ 37. Kd2 c5 38. Be4 Kf7 39. Kc1 b5 40. Re2
Kf6 41. Kc2 Ra7 42. f4 Re7 43. Rg3 Kf7 44. g5 Kf8 45. Bd3 Rxe2+ 46. Bxe2
1/2-1/2

[Event "Lichtenstein mem"]
[Site "Elkana ISR"]
[Date "2007.07.19"]
[Round "5"]
[White "Porper, Edward"]
[Black "Kantsler, Boris"]
[Result "1/2-1/2"]
[WhiteElo "2474"]
[BlackElo "2509"]
[PlyCount "20"]
[EventDate "2007.07.15"]
[EventType "tourn"]
[EventRounds "9"]
[EventCountry "ISR"]
[EventCategory "8"]
[Source "Mark Crowther"]
[SourceDate "2007.07.30"]

1. d4 Nf6 2. c4 g6 3. Nc3 Bg7 4. e4 d6 5. Be2 O-O 6. Nf3 e5 7. dxe5 dxe5 8.
Qxd8 Rxd8 9. Bg5 Re8 10. O-O-O c6 1/2-1/2

[Event "Lichtenstein mem"]
[Site "Elkana ISR"]
[Date "2007.07.23"]
[Round "7"]
[White "Caspi, Israel"]
[Black "Porper, Edward"]
[Result "0-1"]
[WhiteElo "2318"]
[BlackElo "2474"]
[PlyCount "86"]
[EventDate "2007.07.15"]
[EventType "tourn"]
[EventRounds "9"]
[EventCountry "ISR"]
[EventCategory "8"]
[Source "Mark Crowther"]
[SourceDate "2007.07.30"]

1. e4 e6 2. d4 d5 3. Nd2 c5 4. Ngf3 cxd4 5. Nxd4 Nc6 6. Bb5 Bd7 7. Nxc6 Bxc6 8.
Bxc6+ bxc6 9. c4 dxe4 10. Qa4 f5 11. Qxc6+ Kf7 12. O-O Nf6 13. Nb3 Bd6 14. Bd2
Ng4 15. h3 Ne5 16. Qa6 Qb6 17. Qa4 Rhc8 18. Rfc1 Qc6 19. Qxc6 Rxc6 20. Na5 Rc7
21. Rc2 Rac8 22. b3 Nd3 23. a3 Bc5 24. Bc3 Bb6 25. Rd1 Rd7 26. Kf1 a6 27. Bb4
Ke8 28. Rcd2 Rcc7 29. g3 Nxf2 30. Rxd7 Rxd7 31. Rxd7 Kxd7 32. c5 Bxa5 33. Bxa5
Nd3 34. b4 Nb2 35. Bb6 Kc6 36. Bd8 Nc4 37. a4 Nb2 38. Ke2 Nxa4 39. Kd2 Nb2 40.
Kc3 Nd3 41. Kc4 Nf2 42. Bg5 Nxh3 43. Be3 e5 0-1

[Event "Lichtenstein mem"]
[Site "Elkana ISR"]
[Date "2007.07.26"]
[Round "9"]
[White "Bykhovsky, Avigdor"]
[Black "Porper, Edward"]
[Result "1/2-1/2"]
[WhiteElo "2435"]
[BlackElo "2474"]
[PlyCount "32"]
[EventDate "2007.07.15"]
[EventType "tourn"]
[EventRounds "9"]
[EventCountry "ISR"]
[EventCategory "8"]
[Source "Mark Crowther"]
[SourceDate "2007.07.30"]

1. d4 d5 2. Nf3 c6 3. c4 Nf6 4. Nc3 a6 5. e3 b5 6. b3 Bg4 7. Be2 Nbd7 8. O-O e6
9. h3 Bf5 10. Bd3 Bxd3 11. Qxd3 Be7 12. cxd5 cxd5 13. a4 b4 14. Ne2 O-O 15. Bd2
Qb6 16. Rfc1 Rac8 1/2-1/2

[Event "Gausdal Classic op"]
[Site "Gausdal NOR"]
[Date "2007.04.18"]
[Round "1"]
[White "Stubberud, Ornulf"]
[Black "Porper, Edward"]
[Result "0-1"]
[WhiteElo "2217"]
[BlackElo "2492"]
[PlyCount "94"]
[EventDate "2007.04.18"]
[EventType "swiss"]
[EventRounds "9"]
[EventCountry "NOR"]

1. e4 e6 2. d4 d5 3. Nc3 Bb4 4. e5 c5 5. a3 Bxc3+ 6. bxc3 Nc6 7. Nf3 Qa5 8. Bd2
Qa4 9. Be3 c4 10. Be2 Bd7 11. O-O Nge7 12. Ng5 h6 13. Nh3 O-O-O 14. f4 f6 15.
Kh1 Rdf8 16. g4 f5 17. g5 hxg5 18. Nxg5 Rh6 19. Rf2 Be8 20. Kg2 Rfh8 21. Kf1
Nd8 22. Kg1 Bh5 23. Bxh5 Rxh5 24. Rg2 Ng6 25. Qb1 Rh4 26. Rf2 Rg4+ 27. Kf1 Rhh4
28. Qc1 Qe8 29. Qd2 Nf7 30. Nf3 Rh5 31. Ke2 Nh4 32. Ng1 Ng2 33. h3 Rg3 34. Rf3
Rxf3 35. Kxf3 Nxe3 36. Kxe3 g5 37. Rf1 Qg8 38. Qf2 gxf4+ 39. Qxf4 Ng5 40. h4
Ne4 41. Ne2 Qg2 42. Rg1 Qh3+ 43. Qf3 Rxh4 44. Rg8+ Kd7 45. Rg7+ Kc6 46. Rg6 Qh2
47. Rg2 Qh1 0-1

[Event "Gausdal Classic op"]
[Site "Gausdal NOR"]
[Date "2007.04.19"]
[Round "2"]
[White "Porper, Edward"]
[Black "Hammer, Jon Ludvig"]
[Result "1/2-1/2"]
[WhiteElo "2492"]
[BlackElo "2346"]
[PlyCount "71"]
[EventDate "2007.04.18"]
[EventType "swiss"]
[EventRounds "9"]
[EventCountry "NOR"]

1. d4 Nf6 2. c4 e6 3. Nc3 Bb4 4. a3 Bxc3+ 5. bxc3 c5 6. f3 O-O 7. e4 Ne8 8. Bd3
Nc6 9. Ne2 b6 10. O-O Ba6 11. f4 f5 12. dxc5 fxe4 13. Bxe4 Bxc4 14. Qc2 Nf6 15.
Bxc6 dxc6 16. Rd1 Qe7 17. cxb6 axb6 18. Nd4 Nd5 19. g3 Nf6 20. Re1 c5 21. Nc6
Qc7 22. Ne5 Bd5 23. c4 Bb7 24. Bb2 Rad8 25. Rad1 Ba8 26. h3 Rxd1 27. Rxd1 Rd8
28. Rxd8+ Qxd8 29. Qd3 Qe7 30. Kf1 h6 31. Ng6 Qe8 32. Ne5 Qe7 33. Ke1 Qb7 34.
Qd8+ Kh7 35. Qd3+ Kg8 36. Qd8+ 1/2-1/2